000 00621nam a2200217Ia 4500
003 GCL
008 140319s9999 xx 000 0 ara d
040 _aGCL /
_cGCL
082 0 4 _a938.08
_bت ت
100 1 _aمحمد صقر خفاجة
245 1 0 _aتاريخ الحضارة الهلينية /
_cمحمد صقر خفاجة
700 1 _aتوينبى، ارنولد
700 1 _aرمزى عبده جرجس
300 _a309 ص
490 _aالالف كتاب
_v0
650 0 4 _aتاريخ
650 0 4 _aاليونان
650 0 4 _aالعصر الهلينى
650 0 4 _aالهلينية
942 _2ddc
_cBK
999 _c45707
_d45707